| 000 | 01183cam a22003617a 4500 | ||
|---|---|---|---|
| 003 | CHAP | ||
| 005 | 20220817043927.0 | ||
| 008 | 040224d2002 it rn 00110 spa d | ||
| 010 | _a88080 | ||
| 011 | _a89052 | ||
| 020 | _a9253046449 | ||
| 035 | _a99601 | ||
| 040 | _cCHAP | ||
| 082 | 0 | 4 |
_a338.9 _bF43Y v.7 |
| 110 | 2 | _aFAO | |
| 245 | 1 | 0 |
_aReforma y descentralización de servicios agrícolas : _bun marco de políticas _c/by Lawrence D. Smith |
| 260 |
_aRoma : _bFAO, _c2002. |
||
| 300 | _a247 p. | ||
| 490 | 0 |
_aFAO. Política agrícola y desarrollo económico _v; 7 |
|
| 590 |
_aBATCH-UPD _b10 _c20130110 _lUCH01 _h0633 |
||
| 590 |
_aBATCH-UPD _b10 _c20130410 _lUCH01 _h0317 |
||
| 590 |
_aBATCH-UPD _b10 _c20130914 _lUCH01 _h1156 |
||
| 590 |
_aCONVERSION _b10 _c20130109 _lUCH01 _h1349 |
||
| 650 | 1 | 4 |
_aDesarrollo rural. _932067 |
| 650 | 1 | 4 |
_aPlanificación. _988736 |
| 650 | 1 | 4 |
_aPolítica agrícola. _990283 |
| 700 | 0 | 0 |
_aSmith, Lawrence D. _9107070 |
| 830 | 0 |
_aFAO. Política agrícola y desarrollo económico _v; 7 _939650 |
|
| 901 | _aBK | ||
| 905 | _aAlejandra Carrasco M. | ||
| 942 | _cLIBRO | ||
| 949 |
_a338.9 F43Y v.7 _bBC _cFAO _d33724000914446 _eFAO1 _h104452 _i99601 _sb |
||
| 999 |
_c88080 _d88080 |
||